Welcome to CU Library Online Public Access Catalogue (OPAC)

4 keys to hearing God's voice / (Record no. 7468)

MARC details
000 -LEADER
fixed length control field 00830cam a22002657a 4500
001 - CONTROL NUMBER
control field 16573830
005 - DATE AND TIME OF LATEST TRANSACTION
control field 20250908091318.0
008 - FIXED-LENGTH DATA ELEMENTS--GENERAL INFORMATION
fixed length control field 101209s2010 paua b 000 0 eng
020 ## - INTERNATIONAL STANDARD BOOK NUMBER
International Standard Book Number 9780768432480
Qualifying information trade pbk.
020 ## - INTERNATIONAL STANDARD BOOK NUMBER
International Standard Book Number 0768432480
Qualifying information trade pbk.
020 ## - INTERNATIONAL STANDARD BOOK NUMBER
International Standard Book Number 9780768434361
Qualifying information hc
020 ## - INTERNATIONAL STANDARD BOOK NUMBER
International Standard Book Number 9780768434378
Qualifying information large print
020 ## - INTERNATIONAL STANDARD BOOK NUMBER
International Standard Book Number 9780768481210
Qualifying information ebk.
050 00 - LIBRARY OF CONGRESS CALL NUMBER
Classification number BV4501.3
Item number .V568 2010
082 00 - DEWEY DECIMAL CLASSIFICATION NUMBER
Classification number 248.4
Edition information 22
100 1# - MAIN ENTRY--PERSONAL NAME
Personal name Virkler, Mark.
245 10 - TITLE STATEMENT
Title 4 keys to hearing God's voice /
Statement of responsibility, etc. Mark and Patti Virkler.
260 ## - PUBLICATION, DISTRIBUTION, ETC.
Place of publication, distribution, etc. Shippensburg, PA :
Name of publisher, distributor, etc. Destiny Image Publishers,
Date of publication, distribution, etc. c2010.
300 ## - PHYSICAL DESCRIPTION
Extent 309 p. :
Other physical details ill. ;
Dimensions 23 cm.
650 #0 - SUBJECT ADDED ENTRY--TOPICAL TERM
Topical term or geographic name entry element Spiritual life
General subdivision Christianity.
650 #0 - SUBJECT ADDED ENTRY--TOPICAL TERM
Topical term or geographic name entry element Prayer
General subdivision Christianity.
650 #0 - SUBJECT ADDED ENTRY--TOPICAL TERM
Topical term or geographic name entry element Hearing
General subdivision Religious aspects
-- Christianity.
700 1# - ADDED ENTRY--PERSONAL NAME
Personal name Virkler, Patti.
942 ## - ADDED ENTRY ELEMENTS (KOHA)
Source of classification or shelving scheme Library of Congress Classification
Koha item type Books
Suppress in OPAC No
999 ## -
-- 7468
-- 7468
Holdings
Withdrawn status Lost status Source of classification or shelving scheme Damaged status Not for loan Collection Home library Current library Shelving location Date acquired Total checkouts Barcode Date last seen Copy number Price effective from Koha item type
    Library of Congress Classification     Non-fiction Undergraduate Library (Christ Temple) Undergraduate Library (Christ Temple) General stacks 09/08/2025   ulct00004649 09/08/2025 1 09/08/2025 Books
© 2023-2024 Copyright: Central University Libraries. All Rights Reserved | Created by: Mahone Tech Office